Bavaria - Regierungsbezirke - Statistics

General Stats
  • This quiz has been taken 19 times
  • The average score is 6 of 7
Answer Stats
Picture Answer % Correct
Upper Bavaria
88%
Lower Bavaria
82%
Lower Franconia
82%
Upper Franconia
82%
Swabia
76%
Middle Franconia
71%
Upper Palatinate
71%
No matching quizzes found
Score Distribution
Percent of People with Each Score
Percentile by Number Answered
Your Score History
You have not taken this quiz